00696nam a2200181 a 450000100060000000300090000600800410001502000150005604000280007108200160009910000210011524500240013626000240016030000100018450502330019465000450042765000420047222923CO-ViMGA141112s2004 ck r 000 u spa d a8449412412 aCO-ViMGAbspacCO-ViMGA04a708.5 R652m1 aRonchetti, Mario10aMuseos del vaticano aEspaña : bOceano a239p. aGrutas vaticanas, Basilica de san pedro, Capilla nicolina : aposentos borgia, Estancias de rafael, Capilla sixtina, capilla paulina, El arte en los museos del vaticano, Pinacoteca vaticana, Coleccion de arte moderno religiosos14aCIUDADA DEL VATICANO - GALERIAS Y MUSEOS14aMUSEOS DE ARTE - CIUDAD DEL VATICANO